000 00420nam a2200181Ia 4500
001 19973
005 20260306172732.0
008 260306t1994||||xx |||||||||||||| ||spa||
041 _aESP
082 _a342
_bW56
100 _aWieland Alzamora, Hubert [1927-...]
_eAUT
245 0 _aLa negociación internacional
260 _c1994
300 _a
_c
650 _aGEN
654 _aCDE
942 _cLIB
_dJUS
_fJUS
_2ddc
_n
999 _c19973
_d19973